Wellington Airport Destinations (Wellington, New Zealand) - Statistics

General Stats
  • This quiz has been taken 104 times
    53 since last reset
  • The average score is 14 of 22
Answer Stats
Airline Destination % Correct
Air New Zealand/Jetstar Auckland
98%
Air New Zealand/Jetstar Christchurch
98%
Air New Zealand/Qantas Sydney
98%
Air New Zealand/Qantas Melbourne
95%
Air New Zealand/Qantas Brisbane
93%
Air New Zealand/Jetstar Queenstown
80%
Jetstar Gold Coast
77%
Air New Zealand Dunedin
75%
Fiji Airways Nadi
75%
Air New Zealand Hamilton
70%
Air New Zealand Napier
66%
Air New Zealand/Originair/Sounds Air Nelson
64%
Air New Zealand Tauranga
55%
Air New Zealand/Sounds Air Blenheim
52%
Air Chathams Chatham Islands
50%
Air New Zealand Gisborne
48%
Air New Zealand New Plymouth
48%
Air New Zealand Rotorua
48%
Sounds Air Picton
32%
Air New Zealand Timaru
27%
Sounds Air Westport
16%
Golden Bay Air Tākaka
9%
No matching quizzes found
Score Distribution
Percent of People with Each Score
Percentile by Number Answered
Your Score History
You have not taken this quiz since the last reset